[Event "Berlin-ch Seniors op 33rd"]
[Site "Berlin"]
[Date "2017.02.08"]
[Round "8"]
[White "Moeschl, Alois"]
[Black "Keusch, Horst"]
[Result "0-1"]
[WhiteElo "1775"]
[BlackElo "1943"]
[PlyCount "98"]
[EventDate "2017.01.31"]
[EventType "swiss"]
[EventRounds "9"]
[EventCountry "GER"]
[SourceTitle "EXT 2019"]
[Source "ChessBase"]
[SourceDate "2018.10.10"]
[SourceVersion "1"]
[SourceVersionDate "2018.10.10"]
[SourceQuality "1"]

1. e4 e6 2. d4 d5 3. Nd2 c5 4. exd5 exd5 5. Ngf3 Nc6 6. c3 cxd4 7. Nxd4 Nxd4 8. cxd4 Ne7 9. Bb5+ Nc6 10. 0-0 Bd6 11. Nf3 0-0 12. Bg5 f6 13. Be3 Bg4 14. h3 Bh5 15. Rc1 Rc8 16. g4 Bg6 17. Bd3 Bxd3 18. Qxd3 Bb8 19. Kg2 Qd6 20. Rh1 Ne7 21. Nh4 Rxc1 22. Bxc1 Re8 23. Nf5 Nxf5 24. Qxf5 g6 25. Qd3 Kf7 26. f4 Re4 27. h4 f5 28. h5 fxg4 29. hxg6+ Qxg6 30. Qb5 Re7 31. Qxd5+ Kg7 32. f5 Qc6 33. Qxc6 bxc6 34. f6+ Kxf6 35. Rh6+ Kf5 36. Rxc6 Ke4 37. Bg5 Rf7 38. Bf6 Bf4 39. Bh8 h5 40. Re6+ Kd5 41. Ra6 h4 42. Ra5+ Ke4 43. Be5 h3+ 44. Kh1 g3 45. Bxf4 Rxf4 46. Re5+ Kxd4 47. Re1 Rf2 48. Rb1 g2+ 49. Kg1 h2+ 0-1

[Event "Berlin-ch Seniors op 33rd"]
[Site "Berlin"]
[Date "2017.02.04"]
[Round "5"]
[White "Kothe, Manfred"]
[Black "Moeschl, Alois"]
[Result "1-0"]
[WhiteElo "1913"]
[BlackElo "1775"]
[PlyCount "83"]
[EventDate "2017.01.31"]
[EventType "swiss"]
[EventRounds "9"]
[EventCountry "GER"]
[SourceTitle "EXT 2019"]
[Source "ChessBase"]
[SourceDate "2018.10.10"]
[SourceVersion "1"]
[SourceVersionDate "2018.10.10"]
[SourceQuality "1"]

1. e4 d6 2. d4 Nd7 3. Bc4 e6 4. Nf3 Ne7 5. Bg5 h6 6. Bh4 b6 7. Nc3 Bb7 8. d5 e5 9. Qe2 a6 10. a3 g5 11. Bg3 f5 12. Nd4 Nf6 13. Nxf5 Nxf5 14. exf5 Qd7 15. 0-0-0 Qxf5 16. Bd3 Qd7 17. Bg6+ Kd8 18. Qd3 Bg7 19. Rhe1 Rf8 20. f3 Qe7 21. f4 gxf4 22. Bh4 Bc8 23. Re4 Qd7 24. h3 Bb7 25. a4 b5 26. Kb1 bxa4 27. Rxa4 Ke7 28. Re1 Rfb8 29. Rxf4 c6 30. Ne4 Rf8 31. Nc3 c5 32. g4 Kd8 33. Bf5 Qc7 34. Ra4 Qb6 35. Ra3 Kc7 36. Rb3 Qa5 37. Be6 Bc8 38. Bxf6 Rxf6 39. Qh7 Bxe6 40. dxe6 Rxe6 41. Qxg7+ Kc6 42. Qb7# 1-0

[Event "Berlin-ch Seniors op 32nd"]
[Site "Berlin"]
[Date "2016.02.03"]
[Round "8"]
[White "Schraepel, Manfred"]
[Black "Moeschl, Alois"]
[Result "1/2-1/2"]
[WhiteElo "1913"]
[BlackElo "1753"]
[PlyCount "37"]
[EventDate "2016.01.26"]
[EventType "swiss"]
[EventRounds "9"]
[EventCountry "GER"]
[SourceTitle "EXT 2019"]
[Source "ChessBase"]
[SourceDate "2018.10.10"]
[SourceVersion "1"]
[SourceVersionDate "2018.10.10"]
[SourceQuality "1"]

1. d4 Nf6 2. Nf3 g6 3. c4 c5 4. d5 b5 5. cxb5 a6 6. bxa6 Bxa6 7. g3 d6 8. Bg2 Bg7 9. 0-0 0-0 10. Re1 Nbd7 11. Nc3 Qb6 12. Qc2 Rfb8 13. Rb1 Ng4 14. h3 Nge5 15. b3 Qb4 16. Bd2 Qa3 17. Bc1 Qa5 18. Bd2 Qa3 19. Bc1 1/2-1/2

[Event "Berlin-ch Seniors op 32nd"]
[Site "Berlin"]
[Date "2016.01.30"]
[Round "5"]
[White "Moeschl, Alois"]
[Black "Theilig, Reinhard"]
[Result "1/2-1/2"]
[WhiteElo "1753"]
[BlackElo "1636"]
[PlyCount "78"]
[EventDate "2016.01.26"]
[EventType "swiss"]
[EventRounds "9"]
[EventCountry "GER"]
[SourceTitle "EXT 2019"]
[Source "ChessBase"]
[SourceDate "2018.10.10"]
[SourceVersion "1"]
[SourceVersionDate "2018.10.10"]
[SourceQuality "1"]

1. e4 d6 2. d4 Nf6 3. Bd3 g6 4. Nc3 Bg7 5. Nge2 0-0 6. 0-0 Nbd7 7. f4 c5 8. d5 a6 9. Rb1 b5 10. b3 Qb6 11. Kh1 Bb7 12. Bd2 Rac8 13. Ng3 h5 14. h4 Qa7 15. Be2 b4 16. Na4 a5 17. Nb2 Ba6 18. Nc4 Nb6 19. Bd3 Nxc4 20. bxc4 Qd7 21. f5 Ng4 22. Ne2 e5 23. Ng3 Bf6 24. Bg5 Bxg5 25. hxg5 Ne3 26. Qe2 Nxf1 27. Rxf1 h4 28. Nh5 gxh5 29. Qxh5 f6 30. g6 Rc7 31. Rf3 Qg7 32. Rh3 Qh8 33. Qg4 Kg7 34. Kg1 Qh6 35. Rxh4 Qe3+ 36. Kh2 Rh8 37. Rxh8 Kxh8 38. Qh4+ Kg8 39. Qxf6 Qh6+ 1/2-1/2

[Event "Berlin-ch Seniors op 32nd"]
[Site "Berlin"]
[Date "2016.01.28"]
[Round "3"]
[White "Moeschl, Alois"]
[Black "Gmerek, Henning"]
[Result "1-0"]
[WhiteElo "1753"]
[BlackElo "1584"]
[PlyCount "83"]
[EventDate "2016.01.26"]
[EventType "swiss"]
[EventRounds "9"]
[EventCountry "GER"]
[SourceTitle "EXT 2019"]
[Source "ChessBase"]
[SourceDate "2018.10.10"]
[SourceVersion "1"]
[SourceVersionDate "2018.10.10"]
[SourceQuality "1"]

1. e4 e5 2. Nf3 Nc6 3. Bb5 a6 4. Ba4 b5 5. Bb3 h6 6. c3 Nf6 7. 0-0 Be7 8. Re1 0-0 9. d4 exd4 10. cxd4 Na5 11. Bc2 d6 12. h3 c6 13. Nc3 Nc4 14. b3 Nb6 15. Bb2 Be6 16. Ne2 g6 17. Ng3 Nh7 18. Qd3 Qc8 19. Rac1 d5 20. e5 Kg7 21. Bb1 Qe8 22. h4 Bg4 23. h5 Bxf3 24. gxf3 Bg5 25. Rc3 Bf4 26. Ba3 Rh8 27. Ne2 Bxe5 28. dxe5 Qxe5 29. Ng3 Qxe1+ 30. Kg2 Qe6 31. Bb2 Qf6 32. Rc2 d4 33. Bxd4 Rad8 34. Bxf6+ Nxf6 35. Qf1 Rd6 36. hxg6 fxg6 37. Ne4 Nxe4 38. fxe4 Rhd8 39. Re2 Re8 40. Qc1 Re5 41. Qb2 Rde6 42. f4 1-0